Language Families - Tile Select #2 - Statistics

General Stats
  • This quiz has been taken 386 times
    382 since last reset
  • The average score is 54 of 76
Answer Stats
Question Tile Select % Correct
Turkic languages Turkish Yes
98%
Turkic languages Pashto No
97%
Turkic languages Georgian No
95%
Turkic languages Turkmen Yes
95%
Turkic languages Uzbek Yes
94%
Sino-Tibetan languages Tibetan Yes
93%
Turkic languages Armenian No
92%
Sino-Tibetan languages Japanese No
92%
Sino-Tibetan languages Korean No
92%
Sino-Tibetan languages Mandarin Yes
92%
Turkic languages Uyghur Yes
91%
Turkic languages Azerbaijani Yes
90%
Turkic languages Kazakh Yes
90%
Turkic languages Kyrgyz Yes
90%
Sino-Tibetan languages Wu (incl. Shanghainese) Yes
90%
Sino-Tibetan languages Mongolian No
89%
Sino-Tibetan languages Thai No
89%
Turkic languages Mongolian No
88%
Sino-Tibetan languages Southern Min (incl. Hokkien) Yes
88%
Sino-Tibetan languages Yue (incl. Cantonese) Yes
88%
Sino-Tibetan languages Xiang Yes
87%
Austronesian languages Māori Yes
86%
Austronesian languages Samoan Yes
86%
Turkic languages Tatar Yes
86%
Sino-Tibetan languages Eastern Min (incl. Fuzhounese) Yes
85%
Austronesian languages Fijian Yes
85%
Austronesian languages Thai No
85%
Austronesian languages Vietnamese No
84%
Austronesian languages Hawaiian Yes
83%
Austronesian languages Khmer No
83%
Sino-Tibetan languages Vietnamese No
83%
Austronesian languages Javanese Yes
82%
Turkic languages Kurdish No
82%
Austronesian languages Tagalog Yes
82%
Austronesian languages Malay Yes
81%
Austronesian languages Malagasy Yes
80%
Austronesian languages Tongan Yes
80%
Sino-Tibetan languages Lao No
75%
Austronesian languages Cebuano Yes
74%
Austronesian languages Formosan languages Yes
74%
Sino-Tibetan languages Hakka Yes
74%
Austronesian languages Sundanese Yes
73%
Algonquian languages (part of the Algic family) Inuktitut No
72%
Turkic languages Bashkir Yes
70%
Sino-Tibetan languages Gan Yes
70%
Turkic languages Tajik No
66%
Sino-Tibetan languages Burmese Yes
65%
Algonquian languages (part of the Algic family) Navajo No
63%
Algonquian languages (part of the Algic family) Cree Yes
62%
Austronesian languages Tok Pisin No
62%
Sino-Tibetan languages Hmong (Miao) No
60%
Turkic languages Chuvash Yes
59%
Austronesian languages Ilocano Yes
59%
Algonquian languages (part of the Algic family) Ojibwe Yes
57%
Algonquian languages (part of the Algic family) Powhatan Yes
56%
Algonquian languages (part of the Algic family) Massachusett (Wampanoag) Yes
55%
Algonquian languages (part of the Algic family) Ho-Chunk (Winnebago) No
54%
Austronesian languages Chamorro Yes
52%
Algonquian languages (part of the Algic family) Dakota No
52%
Algonquian languages (part of the Algic family) Delaware Yes
52%
Algonquian languages (part of the Algic family) Mohican Yes
52%
Algonquian languages (part of the Algic family) Mi'kmaq Yes
51%
Algonquian languages (part of the Algic family) Potawatomi Yes
49%
Austronesian languages Hiligaynon Yes
48%
Algonquian languages (part of the Algic family) Pawnee No
48%
Algonquian languages (part of the Algic family) Shawnee Yes
47%
Austronesian languages Madurese Yes
46%
Algonquian languages (part of the Algic family) Miami-Illinois Yes
43%
Algonquian languages (part of the Algic family) Huron No
41%
Algonquian languages (part of the Algic family) Cheyenne Yes
40%
Sino-Tibetan languages Karen Yes
40%
Algonquian languages (part of the Algic family) Abenaki Yes
37%
Sino-Tibetan languages Zhuang No
37%
Sino-Tibetan languages Mien (Yao) No
34%
Algonquian languages (part of the Algic family) Mohawk No
32%
Algonquian languages (part of the Algic family) Arapaho Yes
30%
No matching quizzes found
Score Distribution
Percent of People with Each Score
Percentile by Number Answered
Your Score History
You have not taken this quiz since the last reset